|
|
|
|
| LEADER |
01305nam a2200277 a 4500 |
| 001 |
4344108 |
| 008 |
090915s1989 coua b 001 0 eng d |
| 010 |
|
|
|a \\\89014683
|
| 020 |
|
|
|a 0813378052 (alk. paper) :
|c $28.50
|
| 040 |
|
|
|a DLC
|c DLC
|d DLC
|
| 082 |
0 |
0 |
|a 362.7/09172/4
|2 20
|
| 245 |
0 |
0 |
|a Women, work, and child welfare in the Third World /
|c edited by Joanne Leslie, and Michael Paolisso.
|
| 260 |
|
|
|a Boulder, Colo. :
|b Published by Westview Press for the American Association for the Advancement of Science, Washington, D.C.,
|c 1989.
|
| 300 |
|
|
|a xii, 265 p. :
|b ill. ;
|c 22 cm.
|
| 490 |
0 |
|
|a AAAS selected symposia series ;
|v 110
|
| 504 |
|
|
|a Includes bibliographies and index.
|
| 541 |
1 |
|
|e 00004290
|
| 650 |
|
0 |
|a Child welfare
|z Developing countries.
|
| 650 |
|
0 |
|a Children of working mothers
|z Developing countries.
|
| 650 |
|
0 |
|a Women
|x Employment
|z Developing countries.
|
| 700 |
1 |
|
|a Leslie, Joanne.
|
| 700 |
1 |
|
|a Paolisso, Michael Jeffrey.
|
| 710 |
2 |
|
|a American Association for the Advancement of Science.
|
| 852 |
4 |
|
|a Ayesha Abed Library
|j General shelf
|
| 999 |
|
|
|c 4049
|d 4049
|
| 952 |
|
|
|0 0
|1 0
|2 ddc
|4 0
|6 362_709172400000000_WOM_1989
|7 0
|9 3729
|a BRACUL
|b BRACUL
|c GEN
|d 2009-10-03
|g 0.00
|l 1
|o 362.7091724 WOM
|p 3010004290
|r 2019-02-06
|s 2019-01-30
|t 1
|w 2009-10-03
|y BK
|x No price found in the accession register.
|